Zero inflated models and generalized linear mixed models with R /

Bibliographic Details
Main Author: Zuur, Alain F.
Other Authors: Saveliev, Anatoly A., Ieno, Elena N.
Format: Book
Language:English
Published: Newburgh, U.K. : Highland Statistics Ltd., 2012.
Subjects:

MARC

Tag First Indicator Second Indicator Subfields
LEADER 00000cam a2200000Ia 4500
001 in00002766721
005 20151202170910.0
008 120423s2012 enka b 001 0 eng d
020 |a 9780957174108 
020 |a 0957174101 
035 |a (OCoLC)ocn787875526 
040 |a LRU  |c LRU  |d UtOrBLW 
049 |a TXAM 
050 1 4 |a QH541.15.S72  |b Z94 2012 
100 1 |a Zuur, Alain F. 
245 1 0 |a Zero inflated models and generalized linear mixed models with R /  |c Alain F. Zuur, Anatoly A. Saveliev, Elena N. Ieno. 
264 1 |a Newburgh, U.K. :  |b Highland Statistics Ltd.,  |c 2012. 
300 |a xviii, 324 pages :  |b illustrations ;  |c 29 cm. 
336 |a text  |b txt  |2 rdacontent 
337 |a unmediated  |b n  |2 rdamedia 
338 |a volume  |b nc  |2 rdacarrier 
504 |a Includes bibliographical references (pages [315]-319) and index. 
650 0 |a Ecology  |x Statistical methods. 
650 0 |a Multilevel models (Statistics) 
650 0 |a R (Computer program language) 
700 1 |a Saveliev, Anatoly A. 
700 1 |a Ieno, Elena N. 
948 |a cataloged  |b h  |c 2012/6/12  |d c  |e ceaton  |f 2:29:35 pm 
994 |a C0  |b TXA 
999 |a MARS 
999 f f |s 3fc69044-291d-38fe-a111-4a0f7358ea4b  |i 70a4237b-18c5-35d2-ab02-f13445ea8709  |t 0 
952 f f |p normal  |a Texas A&M University  |b College Station  |c Sterling C. Evans Library  |d Evans: Library Stacks  |t 0  |e QH541.15.S72 Z94 2012  |h Library of Congress classification  |i unmediated -- volume  |m A14841432336 
998 f f |a QH541.15.S72 Z94 2012  |t 0  |l Evans: Library Stacks